Lana Del Rey Music Videos #1 - Statistics

General Stats
  • This quiz has been taken 50 times
  • The average score is 8 of 12
Answer Stats
Picture Answer % Correct
Born to die
87%
Lust for life
82%
Ride
82%
Ultraviolence
82%
National anthem
79%
Blue banisters
74%
Doin' time
74%
High by the beach
68%
Summertime sadness
68%
Love
63%
Chemtrails over the country club
55%
Fuck it I love you
32%
No matching quizzes found
Score Distribution
Percent of People with Each Score
Percentile by Number Answered
Your Score History
You have not taken this quiz